Healh, family planning and social welfare / (Record no. 38633)

MARC details
000 -LEADER
fixed length control field 00887nam a22002417a 4500
005 - DATE AND TIME OF LATEST TRANSACTION
control field 20100802133110.0
010 ## - LCCN (DPL NO)
LC control number ENG-97618
020 ## - INTERNATIONAL STANDARD BOOK NUMBER
International Standard Book Number 9789380096490
Terms of availability 795.00
035 ## - SYSTEM CONTROL NUMBER
System control number EN-81151
037 ## - SOURCE OF ACQUISITION
Source of stock number/acquisition DBAD/PUB
082 ## - DEWEY DECIMAL CLASSIFICATION NUMBER
Classification number 362.10954
245 ## - TITLE STATEMENT
Title Healh, family planning and social welfare /
Statement of responsibility, etc edited by Ranjana Desai
260 ## - PUBLICATION, DISTRIBUTION, ETC. (IMPRINT)
Place of publication, distribution, etc New Delhi
Name of publisher, distributor, etc Alfa Publications
Date of publication, distribution, etc 2009
270 ## - ADDRESS
Address 4398/5,Ansari Road, Daryaganj,
City New Delhi
Postal code 110 002
300 ## - PHYSICAL DESCRIPTION
Extent vii, 276p.
Dimensions 22cm (Hb)
500 ## - GENERAL NOTE
General note Includes bibliographical references and index
650 ## - SUBJECT ADDED ENTRY--TOPICAL TERM
Topical term or geographic name as entry element Health Planning
650 ## - SUBJECT ADDED ENTRY--TOPICAL TERM
Topical term or geographic name as entry element Medical Care
650 ## - SUBJECT ADDED ENTRY--TOPICAL TERM
Topical term or geographic name as entry element Social Services
700 ## - ADDED ENTRY--PERSONAL NAME
Personal name Desai, Ranjana
9 (RLIN) 4134
942 ## - ADDED ENTRY ELEMENTS (KOHA)
Source of classification or shelving scheme Dewey Decimal Classification
Item type English Books
Classification part 362.10954
Call number suffix HEA
Holdings
Withdrawn status Lost status Not for loan Collection code Home library Current library Date acquired Source of acquisition Cost, normal purchase price Full call number Barcode Copy number Cost, replacement price Koha item type
    Not For Loan Non-fiction D.B.Act.Division D.B.Act.Division 02/08/2010 DBAD/PUB 795.00 362.10954 HEA EN-81151 1 795.00 English Books

© Delhi Public Library
Hit Counter
free hit counter